Visados para el humor / (Record no. 142081)

MARC details
000 -LEADER
campo de control de longitud fija 00743nam a2200229 i 4500
001 - NÚMERO DE CONTROL
campo de control 142081
003 - IDENTIFICADOR DE NÚMERO DE CONTROL
campo de control ES-MaACL
005 - FECHA Y HORA DE LA ÚLTIMA TRANSACCIÓN
campo de control 20250822095129.0
007 - CAMPO FIJO DE DESCRIPCIÓN FÍSICA--INFORMACIÓN GENERAL
campo de control de longitud fija t|
008 - DATOS DE LONGITUD FIJA--INFORMACIÓN GENERAL
campo de control de longitud fija 071002s1969 sp ||||1| spa d
245 00 - MENCIÓN DEL TÍTULO
Título Visados para el humor /
Mención de responsabilidad, etc. por Jacques Bergier, Jean Charles Guy Breton, François Chevais ; [traducido por F. Moll-Camps].
250 ## - MENCION DE EDICION
Mención de edición 1ª ed.
260 ## - PUBLICACIÓN, DISTRIBUCIÓN, ETC.
Lugar de publicación, distribución, etc. Barcelona :
Nombre del editor, distribuidor, etc. Grijalbo,
Fecha de publicación, distribución, etc. 1969.
300 ## - DESCRIPCIÓN FÍSICA
Extensión 116 p. :
Otras características físicas il. ;
Dimensiones 20 cm.
650 17 - PUNTO DE ACCESO ADICIONAL DE MATERIA--TÉRMINO DE MATERIA
Término de materia o nombre geográfico como elemento de entrada Humorismo
Fuente del encabezamiento o término embne
9 (RLIN) 13509
700 1# - ENTRADA AGREGADA--NOMBRE PERSONAL
Nombre de persona Bergier, Jacques.
9 (RLIN) 27989
700 1# - ENTRADA AGREGADA--NOMBRE PERSONAL
Nombre de persona Guy Breton, Jean Charles.
9 (RLIN) 61261
700 1# - ENTRADA AGREGADA--NOMBRE PERSONAL
Nombre de persona Chevais, François.
9 (RLIN) 38404
700 1# - ENTRADA AGREGADA--NOMBRE PERSONAL
Nombre de persona Moll i Camps, Francesc.
9 (RLIN) 161375
852 ## - LOCALIZACIÓN
Ubicación ES-MaACL
Número de control de estantería C-35614
Sublocalización o colección R.68778
Holdings
Estatus retirado Estado de pérdida Estado de daño No para préstamo Biblioteca de origen Biblioteca actual Ubicación en estantería Fecha de adquisición Fuente de adquisición Total de préstamos Signatura topográfica completa Código de barras Visto por última vez Precio de reemplazo Tipo de ítem Koha
        Biblioteca del Ateneo de Madrid Biblioteca del Ateneo de Madrid Depósito 2 17/01/2008     C-35614 1147835 23/02/2023 23/02/2023 Libro impreso